000 00658nam a2200241Ia 4500
003 OSt
005 20220926024814.0
006 a|||||r|||| 00| 0
007 ta
008 220923b |||||||| |||| 00| 0 eng d
037 _cGeneral Book
040 _aRTL
_cRTL
_beng
041 _2eng
_aeng
082 _aXN, N7
100 _aBlanchard Olivier
245 0 _aEconomics of post-communist transition
260 _aOxford
_bClarendon Press
_c1997
300 _axiii, 149p
_ccm.
500 _aBibliography: P 135-41
650 _aPublic Utility
_9234512
942 _hXN, N7
_cGB
_2CC
999 _c645483
_d645483